000 00459nam a2200181Ia 4500
001 5108
005 20260306145844.0
008 260306t2019||||xx |||||||||||||| ||spa||
041 _aESP
082 _a333.3185
_bB73
100 _aBonfiglio, Giovanni
_eAUT
245 0 _aLas empresas de la reforma agraria peruana:
_b40 años después
260 _c2019
300 _a323 páginas :
_c24 cm.
650 _aGEN
654 _aCAN
942 _cLIB
_dJUS
_fJUS
_2ddc
_n
999 _c5108
_d5108